CAPITAL STRUCTURE AND THE COST OF COST OF CAPLTAL (Record no. 8962)

MARC details
000 -LEADER
fixed length control field 00402nam a22001697a 4500
003 - CONTROL NUMBER IDENTIFIER
control field OSt
005 - DATE AND TIME OF LATEST TRANSACTION
control field 20211004114735.0
008 - FIXED-LENGTH DATA ELEMENTS--GENERAL INFORMATION
fixed length control field 211004b |||||||| |||| 00| 0 eng d
020 ## - INTERNATIONAL STANDARD BOOK NUMBER
International Standard Book Number 0706980216
040 ## - CATALOGING SOURCE
Transcribing agency HU
082 ## - DEWEY DECIMAL CLASSIFICATION NUMBER
Classification number 332
100 ## - MAIN ENTRY--PERSONAL NAME
Personal name IM PANDEY
9 (RLIN) 9571
245 ## - TITLE STATEMENT
Title CAPITAL STRUCTURE AND THE COST OF COST OF CAPLTAL
260 ## - PUBLICATION, DISTRIBUTION, ETC.
Place of publication, distribution, etc. NEW DEIHI
Name of publisher, distributor, etc. LTD
Date of publication, distribution, etc. 1981
300 ## - PHYSICAL DESCRIPTION
Extent 159
942 ## - ADDED ENTRY ELEMENTS (KOHA)
Source of classification or shelving scheme Dewey Decimal Classification
Koha item type Books like text book referance book
Suppress in OPAC No
Holdings
Withdrawn status Lost status Source of classification or shelving scheme Damaged status Not for loan Home library Current library Shelving location Date acquired Total Checkouts Full call number Barcode Date last seen Copy number Price effective from Koha item type
    Dewey Decimal Classification     College of Business and Economics Library College of Business and Economics Library General Stacks 10/04/2021   332/PAN MBEIJB 000000758 10/04/2021 1 10/04/2021 Books like text book referance book
    Dewey Decimal Classification     College of Business and Economics Library College of Business and Economics Library General Stacks 10/04/2021   332/PAN MBEIJB 000000759 10/04/2021 2 10/04/2021 Books like text book referance book
    Dewey Decimal Classification     College of Business and Economics Library College of Business and Economics Library General Stacks 10/04/2021   332/PAN MBEIJB 000000762 10/04/2021 4 10/04/2021 Books like text book referance book
    Dewey Decimal Classification     College of Business and Economics Library College of Business and Economics Library General Stacks 10/04/2021   332/PAN MBEIJB 000000757 10/04/2021 3 10/04/2021 Books like text book referance book